[Event "Andalucia-chB"]
[Site "Algeciras"]
[Date "2018.05.19"]
[Round "2"]
[White "Insua Conesa, Claudia"]
[Black "Castro Marquez, Andrea"]
[Result "1-0"]
[WhiteElo "1079"]
[BlackElo "1444"]
[PlyCount "95"]
[EventDate "2018.05.18"]
[EventType "swiss"]
[EventRounds "6"]
[EventCountry "ESP"]
[SourceTitle "EXT 2020"]
[Source "ChessBase"]
[SourceDate "2019.10.17"]
[SourceVersion "1"]
[SourceVersionDate "2019.10.17"]
[SourceQuality "1"]

1. c4 e5 2. Nc3 Nf6 3. d3 c6 4. g3 d5 5. cxd5 cxd5 6. Bg5 Bb4 7. Bd2 Be6 8. Nf3 Qd7 9. Nxe5 Qc8 10. Qa4+ Nc6 11. Nxc6 Qxc6 12. Qxb4 d4 13. Qb5 Bd5 14. Qxc6+ Bxc6 15. Ne4 Nxe4 16. dxe4 Bxe4 17. f3 Bc2 18. b3 0-0 19. e4 f5 20. Rc1 d3 21. Bb4 Rfe8 22. Bg2 Kf7 23. Kd2 fxe4 24. fxe4 Re6 25. Rhf1+ Kg6 26. Rce1 Rc8 27. e5 Rc7 28. Be4+ Kh6 29. Bd6 Rd7 30. Rf5 g6 31. Bf8+ Rg7 32. Bxg7+ Kxg7 33. Rg5 h6 34. Bd5 Re7 35. Rg4 Rd7 36. Be6 Re7 37. Bc8 g5 38. h4 Kg6 39. hxg5 h5 40. Rf4 Kxg5 41. e6 Kg6 42. Rh1 b6 43. g4 hxg4 44. Rhf1 g3 45. Rg4+ Kh5 46. Rxg3 Kh4 47. Rg8 Kh3 48. Rh1# 1-0